ARRUPE JESUIT UNIVERSITY

CORONAVIRUS -STOP THE SPREAD - CLEAN,DISINFECT,COVER

Liberte du chretien autorite de l'eglise (Record no. 126018)

MARC details
000 -LEADER
fixed length control field 00390nam a22001337a 4500
005 - DATE AND TIME OF LATEST TRANSACTION
control field 20170127145148.0
008 - FIXED-LENGTH DATA ELEMENTS--GENERAL INFORMATION
fixed length control field 170127b xxu||||| |||| 00| 0 eng d
050 ## - LIBRARY OF CONGRESS CALL NUMBER
Classification number BX1002.R45 1971
100 ## - MAIN ENTRY--PERSONAL NAME
Personal name Roche, Jean
9 (RLIN) 28495
245 ## - TITLE STATEMENT
Title Liberte du chretien autorite de l'eglise
Statement of responsibility, etc by Roche, Jean
260 ## - PUBLICATION, DISTRIBUTION, ETC. (IMPRINT)
Place of publication, distribution, etc Fayard
Name of publisher, distributor, etc Points Chauds
Date of publication, distribution, etc 1971
300 ## - PHYSICAL DESCRIPTION
Extent 167p.;
Dimensions 22cm.
942 ## - ADDED ENTRY ELEMENTS (KOHA)
Source of classification or shelving scheme Library of Congress Classification
Item type Monograph ( Printed materials)
Holdings
Withdrawn status Lost status Source of classification or shelving scheme Damaged status Not for loan Collection code Home library Current library Shelving location Date acquired Total Checkouts Full call number Barcode Date last seen Price effective from Koha item type
    Library of Congress Classification     Main Collection ARRUPE LIBRARY ARRUPE LIBRARY Main Collection 27/01/2017   BX1002.R45 1971 46500022945 22/11/2017 27/01/2017 Monograph ( Printed materials)

 

Arrupe Library. PO Box MP320 Mt Pleasant, Harare, Zimbabwe
263 242 745411|librarian@aju.ac.zw